Evaluación del comportamiento de la hormona de Marango, Moringa Olifeira en las unidades: Estelí – 150 y Dor – 364 en frijol de postrera, Phaseolus vulgaris L
Presenta la evaluación del comportamiento de la hormona de Marango, Moringa Oleífera en las unidades: Estelí – 150 y Dor – 364 en frijol de postrera, Phaseolus vulgaris L, mediante el cual se realizó una evaluación del uso de la hormona de marango en el cultivo de frijol de postrera y su incide...
| Main Authors: | , |
|---|---|
| Other Authors: | |
| Format: | Tesis Section = Libro |
| Language: | Undetermined Spanish |
| Published: |
Managua
UNI
2001
|
| Subjects: |
| LEADER | 01477nam a2200277Ia 4500 | ||
|---|---|---|---|
| 008 | 240830s9999 xx 000 0 und d | ||
| 040 | |a BIBLIOTECA-RUPAP Mon 633.372 F676 | ||
| 041 | |a spa | ||
| 082 | |a Mon 633.372 F676 | ||
| 100 | 1 | |a Fonseca Salazar, Doraldina | |
| 100 | 1 | |b Gaitán Hernández, Ligia | |
| 245 | 1 | 0 | |a Evaluación del comportamiento de la hormona de Marango, Moringa Olifeira en las unidades: Estelí – 150 y Dor – 364 en frijol de postrera, Phaseolus vulgaris L |
| 260 | |a Managua |b UNI |c 2001 | ||
| 300 | |a 53 p. :il. | ||
| 500 | |a Contiene: anexos. | ||
| 502 | |a Tesis (Ingeniero Agrícola)- UNI, 2001. | ||
| 520 | 3 | |a Presenta la evaluación del comportamiento de la hormona de Marango, Moringa Oleífera en las unidades: Estelí – 150 y Dor – 364 en frijol de postrera, Phaseolus vulgaris L, mediante el cual se realizó una evaluación del uso de la hormona de marango en el cultivo de frijol de postrera y su incidencia en las variables de respuesta de desarrollo y rendimiento, también se determinó la calidad del grano en el cultivo del frijol tratado con hormona con respecto al testigo, a través de análisis de laboratorio. | |
| 650 | 7 | |a FRIJOLES – CULTIVOS | |
| 650 | 7 | |b HORMONA DE MARANGO – USO | |
| 650 | 7 | |c FERTILIZANTES – CULTIVO DE FRIJOLES | |
| 650 | 7 | |d SUELO – PREPARACION | |
| 650 | 7 | |e SIEMBRA DE FRIJOLES | |
| 700 | 1 | |a Tutor: |b Romo Trujillo, Josefina | |
| 942 | |c BK |2 ddc | ||
| 991 | |a TESIS | ||
| 999 | |c 16742 | ||